| 000 | 00901cam a2200253 4500 | ||
|---|---|---|---|
| 008 | 040422n2004 000 0 eng u | ||
| 020 | _a1860816754 | ||
| 035 | _a(Sirsi) u125920 | ||
| 041 | _aeng | ||
| 050 |
_a674.83 _c18 |
||
| 100 | _aReynolds, Steven | ||
| 245 | _aWood plastic composites and plastic lumber | ||
| 260 |
_aWatford _bBRE _c2004 |
||
| 300 |
_a4p. _c30cm. |
||
| 490 |
_aBRE Digest _v480 |
||
| 520 | _aWood plastic omposite is a term which refers to a composite containing wood in any form, combined with either thermoplastics or thermoset plastics. This digest examines the raw materials, performance and future development of such materials. | ||
| 650 | _aWOOD PLASTIC COMPOSITES | ||
| 650 | _aCOMPOSITE MATERIALS | ||
| 650 | _aWOOD | ||
| 650 | _aPOLYMERS | ||
| 690 | _aBUILT ENVIRONMENT-BUILDING MATERIALS | ||
| 710 | _aBuilding Research Establishment | ||
| 942 | _n0 | ||
| 999 |
_c103503 _d103503 |
||